00371nam a2200121Ia 4500008004100000100002400041245001600065245002600081260000900107856004100116999001900157952007300176160531s9999 xx 000 0 und d aLangford, Nathan K. aCircuit QED cby Nathan K. Langford c2013 uhttp://arxiv.org/pdf/1310.1897v1.pdf c295262d295262 001040aCLbCLd2016-05-31l0r2016-05-31 00:00:00w2016-05-31yCBE